000 00298nam a22001097a 4500
008 170112b xxu||||| |||| 00| 0 eng d
020 _a9781437708257
041 _aeng
080 _25TH
_a618.2
245 _aSAUNDERS COMPREHENSIVE REVIEW FOR THE NCLEX-RN EXAMINATION
_cSILVESTRI, L.A
942 _2udc
_cBK
999 _c2762
_d2762